书目信息 |
| 题名: |
刑法学自学考试辅导
|
|
| 作者: | 王磊 , 周旺生 主编 ;米传勇 编著 | |
| 分册: | ||
| 出版信息: | 北京 人民出版社 2004 |
|
| 页数: | 274页 | |
| 开本: | 20cm | |
| 丛书名: | 全国高等教育法律专业自学考试辅导丛书 | |
| 单 册: | ||
| 中图分类: | D924.01 | |
| 科图分类: | ||
| 主题词: | 刑法--法的理论--中国--高等教育--自学考试--自学参考资料 | |
| 电子资源: | ||
| ISBN: | 7-01-004481-3 | |
| 000 | 01320nam0 2200349 450 | |
| 000 | 01283nam0 2200337 450 | |
| 000 | 01264nam0 2200337 450 | |
| 000 | 01227nam0 2200325 450 | |
| 000 | 01245nam0 2200313 450 | |
| 000 | 01208nam0 2200301 45 | |
| 001 | TS2006000330 | |
| 005 | 20070115111105.28 | |
| 010 | @a7-01-004481-3@dCNY17.00 | |
| 092 | @aCN@bTS01-000385 | |
| 100 | @a20060829d2004 em y0chiy0110 ea | |
| 101 | 0 | @achi |
| 102 | @aCN@b110000 | |
| 105 | @ay qz 000yy | |
| 200 | 1 | @a刑法学自学考试辅导@AXing Fa Xue Zi Xue Kao Shi Fu Dao@f周旺生,王磊主编@FZhou Wang Sheng, Wang Lei Zhu Bian@g米传勇编著 |
| 210 | @a北京@c人民出版社@d2004 | |
| 215 | @a274页@d20cm | |
| 225 | 1 | @a全国高等教育法律专业自学考试辅导丛书 |
| 330 | @a本书由重要概念、重点问题、疑难问题三个层面构成。收录的内容有:刑法的基本原则、刑法的效力范围、犯罪和刑事责任、犯罪构成要件等。 | |
| 606 | 0 | @a刑法@x法的理论@y中国@x高等教育@x自学考试@x自学参考资料 |
| 690 | @aD924.01@v4 | |
| 701 | 0 | @a王磊@AWang Lei@c(法学@f1965~)@4主编 |
| 701 | 0 | @a周旺生@AZhou Wang Sheng@f(1952~)@4主编 |
| 702 | 0 | @a米传勇@AMi Chuan Yong@4编著 |
| 801 | 0 | @aCN@b中图数据@c20070115 |
| 905 | @a10447@dD924.01@e277 | |
| 刑法学自学考试辅导/周旺生,王磊主编/米传勇编著.-北京:人民出版社,2004 |
| 274页;20cm.-(全国高等教育法律专业自学考试辅导丛书) |
| ISBN 7-01-004481-3:CNY17.00 |
| 本书由重要概念、重点问题、疑难问题三个层面构成。收录的内容有:刑法的基本原则、刑法的效力范围、犯罪和刑事责任、犯罪构成要件等。 |
| ● |
| 相关链接 |
|
|
|
|
正题名:刑法学自学考试辅导
索取号:D924.01/277
 
预约/预借
| 序号 | 登录号 | 条形码 | 馆藏地/架位号 | 状态 | 备注 |
| 1 | 0612633 | 206126333 | 第一样本阅览室/ [索取号:D924.01/277] | 在馆 | |
| 2 | 0612634 | 206126342 | 第一借阅区/ [索取号:D924.01/277] | 在馆 | |
| 3 | 0612635 | 206126351 | 第一借阅区/ [索取号:D924.01/277] | 在馆 | |
| 4 | 0612636 | 206126360 | 第一借阅区/ [索取号:D924.01/277] | 在馆 | |
| 5 | 0612637 | 206126379 | 第一借阅区/ [索取号:D924.01/277] | 在馆 |